000 01034cam a22002775a 4500
005 20091103014612.0
008 090911s2009 ii ab b 100 0 eng d
010 _aENG-95381
020 _a9788131306093
_c895.00
035 _aEN-78914
037 _aDBAD/PUB
040 _aDPL
_beng
082 _a327.54051
100 _aSali.M.L.
245 _aIndia-China Relations
_cby M.L. Sali
260 _aNew Delhi :
_bAPH Publishing Corporation
_c2009
270 _a4435-36/7. Ansari road, Darya Ganj
_bNew Delhi
_e110002
300 _a vii, 241p.
_c22 cm. (Hb)
500 _aBibliography references & Indixing
520 _aContributed articles.
610 _aCollege of Fort St. George (Madras, India)
651 _aMadras (India)
_xIntellectual life
_y19th century.
942 _2ddc
_cEN
_mSAL
999 _c31545
_d31545